000 00292nam a22001337a 4500
008 170605b xxu||||| |||| 00| 0 eng d
020 _a0760727104
041 _aeng
080 _a94(100)
100 _a18
101 _aSHH
245 _aATLAS OF WORLD HISTORY
_cHAYWOOD,J
942 _2udc
_cBK
999 _c15884
_d15884